Every Active Wide Receiver in the NFL (currently on a roster) - Statistics

General Stats
  • This quiz has been taken 14 times
  • The average score is 137 of 333
Answer Stats
Hint Answer % Correct
Eagles AJ Brown
100%
Lions Amon-Ra St. Brown
100%
Saints Barion Brown
100%
Cowboys Camden Brown
100%
Commanders Dyami Brown
100%
Bengals Ja'Marr Chase
100%
Eagles Marquise Brown
100%
Chargers Sincere Brown
100%
Panthers Ainias Smith
92%
Cowboys Anthony Smith
92%
Commanders Antonio Williams
92%
Jets Arian Smith
92%
Steelers Brandon Smith
92%
Cowboys CeeDee Lamb
92%
Jaguars CJ Williams
92%
Broncos Courtland Sutton
92%
Chiefs Cyrus Allen
92%
Rams Davante Adams
92%
Panthers David Moore
92%
49ers Demarcus Robinson
92%
Eagles DeVonta Smith
92%
Bills DJ Moore
92%
Raiders EJ Williams Jr.
92%
Eagles Elijah Moore
92%
Jets Isaiah Williams
92%
Lions Jameson Williams
92%
Seahawks Jaxon Smith-Njigba
92%
Texans Jayden Higgins
92%
Bengals Jordan Moore
92%
Vikings Justin Jefferson
92%
Chargers KeAndre Lambert-Smith
92%
Bengals Ke'Shawn Williams
92%
Patriots Kyle Williams
92%
Rams Mario Williams
92%
49ers Mike Evans
92%
Ravens Octavian Smith Jr.
92%
Chiefs Omari Evans
92%
Bears Rome Odunze
92%
Packers Savion Williams
92%
Packers Skyy Moore
92%
Bengals Tee Higgins
92%
Commanders Van Jefferson
92%
Titans Wan'Dale Robinson
92%
Rams Xavier Smith
92%
Colts Alec Pierce
83%
Giants Beaux Collins
83%
Raiders Brenden Rice
83%
Jaguars Brian Thomas Jr.
83%
Falcons Casey Washington
83%
Seahawks Cooper Kupp
83%
Steelers DK Metcalf
83%
Falcons Drake London
83%
Jets Garrett Wilson
83%
Cowboys George Pickens
83%
Broncos Jaylen Waddle
83%
Eagles Johnny Wilson
83%
Bills Keon Coleman
83%
Dolphins Kevin Coleman Jr.
83%
Giants Malik Nabers
83%
Dolphins Malik Washington
83%
Cardinals Marvin Harrison Jr.
83%
Cardinals Michael Wilson
83%
Texans Nico Collins
83%
Jaguars Parker Washington
83%
Rams Puka Nacua
83%
Chiefs Rashee Rice
83%
Steelers Roman Wilson
83%
Dolphins Tahj Washington
83%
Chargers Tre' Harris
83%
Bears Zavion Thomas
83%
Ravens Zay Flowers
83%
Saints Chris Olave
75%
Packers Christian Watson
75%
Buccaneers Emeka Egbuka
75%
Buccaneers Jalen McMillan
75%
Dolphins Jalen Tolbert
75%
Panthers Ja'seem Reed
75%
Packers Jayden Reed
75%
Vikings Jordan Addison
75%
Texans Justin Watson
75%
Bills Khalil Shakir
75%
Steelers Michael Pittman Jr.
75%
Patriots Romeo Doubs
75%
Texans Tank Dell
75%
Commanders Terry McLaurin
75%
Panthers Tetairoa McMillan
75%
49ers Brandon Aiyuk
67%
Steelers Brandon Johnson
67%
Buccaneers Chris Godwin Jr.
67%
Ravens Cornelius Johnson
67%
Jaguars Jakobi Meyers
67%
Raiders Jalen Nailor
67%
Browns Jerry Jeudy
67%
Bills Joshua Palmer
67%
Buccaneers Kameron Johnson
67%
Patriots Kayshon Boutte
67%
Browns KC Concepcion
67%
Chargers Ladd McConkey
67%
Bears Luther Burden III
67%
Cardinals Tejhaun Palmer
67%
Buccaneers Tez Johnson
67%
Raiders Tre Tucker
67%
Saints Trey Palmer
67%
Cowboys Tyler Johnson
67%
Bengals Xavier Johnson
67%
Chiefs Xavier Worthy
67%
Bengals Andrei Iosivas
58%
Giants Calvin Austin III
58%
Titans Calvin Ridley
58%
Titans Carnell Tate
58%
Bengals Charlie Jones
58%
Eagles Darius Cooper
58%
Giants Darius Slayton
58%
Ravens Devontez Walker
58%
Bengals Dohnte Meyers
58%
Lions Isaac TeSlaa
58%
Commanders Jacoby Jones
58%
Falcons Jahan Dotson
58%
Bears Jahdae Walker
58%
Panthers Jalen Coker
58%
Vikings Jeshaun Jones
58%
Colts Josh Downs
58%
Saints Kevin Austin Jr.
58%
Broncos Marvin Mims Jr.
58%
Jets Omar Cooper Jr.
58%
Seahawks Rashid Shaheed
58%
Ravens Rashod Bateman
58%
Jaguars Tim Jones
58%
Panthers Xavier Legette
58%
Jets Adonai Mitchell
50%
Titans Chimere Dike
50%
Giants Darnell Mooney
50%
Browns Denzel Boston
50%
Saints Devaughn Vele
50%
Eagles Dontayvion Wicks
50%
Raiders Dont'e Thornton Jr.
50%
Raiders Jack Bech
50%
Texans Jaylin Noel
50%
Cowboys KaVontae Turpin
50%
Patriots Mack Hollins
50%
Eagles Makai Lemon
50%
Jaguars Travis Hunter
50%
Broncos Troy Franklin
50%
Dolphins Tutu Atwell
50%
Chiefs Tyquan Thornton
50%
Dolphins Caleb Douglas
42%
Browns Cedric Tillman
42%
Patriots DeMario Douglas
42%
Titans Elic Ayomanor
42%
Browns Isaiah Bond
42%
Chargers JaQuae Jackson
42%
Saints Jordyn Tyson
42%
Cardinals Kendrick Bourne
42%
Texans Lewis Bond
42%
Commanders Luke McCaffrey
42%
Packers Matthew Golden
42%
Falcons Olamide Zaccheaus
42%
49ers Ricky Pearsall
42%
Cowboys Ryan Flournoy
42%
Raiders Shedrick Jackson
42%
Cardinals Bryson Green
33%
Dolphins Chris Bell
33%
Seahawks Cody White
33%
Bengals Colbie Young
33%
Raiders Dareke Young
33%
Vikings Dillon Bell
33%
Seahawks Jake Bobo
33%
Ravens Ja'Kobi Lane
33%
Commanders Jaylin Lane
33%
Titans KJ Osborn
33%
Cowboys Marquez Valdes-Scantling
33%
Seahawks Ricky White III
33%
Saints Ronnie Bell
33%
Giants Ryan Miller
33%
Bills Skyler Bell
33%
Seahawks Tory Horton
33%
Texans Xavier Hutchinson
33%
49ers Christian Kirk
25%
Chargers Dalevon Campbell
25%
Colts Deion Burks
25%
Chargers Derius Davis
25%
Patriots Efton Chism III
25%
Steelers Germie Bernard
25%
Giants Jalin Hyatt
25%
Saints Ja'Lynn Polk
25%
Browns Jamari Thrash
25%
Chiefs Jason Brownlee
25%
Chiefs Jeff Caldwell
25%
Vikings Joaquin Davis
25%
Lions Kendrick Law
25%
Bills Mecole Hardman Jr.
25%
Bengals Mitchell Tinsley
25%
Colts Nick Westbrook-Ikhine
25%
Cowboys Parris Campbell
25%
Broncos Pat Bryant
25%
Dolphins Terrace Marshall Jr.
25%
Commanders Treylon Burks
25%
Falcons Zachariah Branch
25%
Chiefs Andrew Armstrong
17%
Colts Anthony Gould
17%
Colts Ashton Dulin
17%
Packers Bo Melton
17%
Chargers Brenen Thompson
17%
Falcons Chris Blair
17%
Panthers Chris Brazzell II
17%
Rams CJ Daniels
17%
Ravens Dayton Wade
17%
Cardinals Devin Duvernay
17%
Chargers Devonte Ross
17%
Lions Dominic Lovett
17%
Ravens Elijah Sarratt
17%
Seahawks Emmanuel Henderson Jr.
17%
Lions Greg Dortch
17%
Cardinals Harrison Wallace III
17%
Commanders Ja'Corey Brooks
17%
Packers Jakobie Keeney-James
17%
Cardinals Jalen Brooks
17%
Chiefs Jalen Royals
17%
Bills Jalen Virgil
17%
49ers Jordan Watkins
17%
Rams Jordan Whittington
17%
Rams Konata Mumpfield
17%
Ravens LaJohntay Wester
17%
Colts Laquon Treadwell
17%
Giants Malachi Fields
17%
Raiders Malik Benson
17%
Saints Mason Tipton
17%
Bears Maurice Alexander
17%
Chiefs Nikko Remigio
17%
Eagles Quez Watkins
17%
Cardinals Reggie Virgil
17%
Vikings Tai Felton
17%
Rams Tru Edwards
17%
Browns Tylan Wallace
17%
Packers Will Sheppard
17%
Cardinals Andre Baccellia
8%
Steelers AT Perry
8%
Jaguars Brady Boyd
8%
Eagles Britain Covey
8%
Saints Bub Means
8%
Jaguars Chandler Brayboy
8%
Raiders Chase Roberts
8%
Steelers Cole Burgess
8%
Ravens Cortez Braham Jr.
8%
Giants Dalen Cambre
8%
Saints Damien Alford
8%
Panthers Dan Chisena
8%
Buccaneers David Sills V
8%
49ers De'Zhaun Stribling
8%
Browns Gage Larvadain
8%
Buccaneers Garrett Greene
8%
Jets Irvin Charles
8%
Giants Isaiah Hodgins
8%
49ers Jacob Cowing
8%
Chiefs Jacob De Jesus
8%
Texans Jared Wayne
8%
Panthers Jimmy Horn Jr.
8%
Panthers John Metchie III
8%
Cowboys Jonathan Mingo
8%
Jaguars Josh Cameron
8%
Texans Josh Kelly
8%
49ers Junior Bergen
8%
Steelers Kaden Wetjen
8%
Bears Kalif Raymond
8%
Bengals Kendric Pryor
8%
Titans Lance McCutcheon
8%
Broncos Lil'Jordan Humphrey
8%
49ers Malik Turner
8%
Vikings Marcus Sanders Jr.
8%
Titans Mason Kinsey
8%
Broncos Michael Bandy
8%
Seahawks Michael Briscoe
8%
Seahawks Montorie Foster Jr.
8%
Commanders Nick Nash
8%
Raiders Phillip Dorsett II
8%
Buccaneers Ted Hurst
8%
Dolphins Theo Wease Jr.
8%
Lions Tom Kennedy
8%
Cowboys Traeshon Holden
8%
Titans Tyren Montgomery
8%
Titans Xavier Restrepo
8%
Cardinals Xavier Weaver
8%
Dolphins AJ Henning
0%
Jaguars Alex Bullock
0%
Jaguars Austin Trammell
0%
Jaguars Ben Patterson
0%
Steelers Ben Skowronek
0%
Rams Brennan Presley
0%
Saints Bryce Lance
0%
Panthers Brycen Tremayne
0%
Titans Bryce Oliver
0%
Colts Coleman Owen
0%
49ers Colton Dowell
0%
Raiders Corey Rucker
0%
Eagles Danny Gray
0%
Buccaneers Dennis Houston
0%
Falcons Deven Thompkins
0%
Vikings Dontae Fleming
0%
Falcons Dylan Drummond
0%
Colts Eli Pancol
0%
Giants Gunner Olzsewski
0%
Titans Hal Presley III
0%
Packers Isaiah Neyor
0%
Browns Isaiah Wooden
0%
Lions Jackson Meeks
0%
Jets Jamaal Pritchett
0%
Patriots Jeremiah Webb
0%
Chiefs Jimmy Holiday
0%
Packers J. Michael Sturdivant
0%
Cowboys Jordan Hudson
0%
Bears JP Richardson
0%
Patriots Kyle Dixon
0%
Seahawks Levi Wentz
0%
Browns Luke Floriea
0%
Chargers Luke Grimm
0%
Vikings Luke Wysong
0%
Jets Mac Delana
0%
Browns Malachi Corley
0%
Lions Malik Cunningham
0%
Steelers Max Hurleman
0%
Bills Max Tomczak
0%
Vikings Myles Price
0%
Chargers Quentin Johntson
0%
Jets Quentin Skinner
0%
Vikings Shaleak Knotts
0%
Cardinals Simi Fehoko
0%
Bills Stephen Gosnell
0%
Bills Trent Sherfield
0%
Rams Tyler Scott
0%
Bills Tyrell Shavers
0%
49ers Wesley Grimes
0%
Giants Xavier Gipson
0%
Ravens Xavier Guillory
0%
No matching quizzes found
Score Distribution
Percent of People with Each Score
Percentile by Number Answered
Your Score History
You have not taken this quiz